Statistics for Car Logos

Click here to take the quiz!

General Stats

  • This quiz has been taken 495 times
  • The average score is 9 of 22

Answer Stats

HintCountryAnswer% Correct
Golden bullItalylamborghini
83%
Four linked ringsGermanyAudi
78%
Prancing black horseItalyFerrari
67%
TridentItalyMaserati
55%
Blue circle, two white letters, one on top of the otherGermanyVolkswagen
51%
Leaping animalEnglandJaguar
51%
Two R's between the nameEnglandRolls Royce
50%
Three-pronged starGermanyMercedes
49%
Its name written in a green rectangle on white wingsEnglandAston Martin
39%
Horse in a coat of armsGermanyPorsche
37%
The first letter in flying wingsEnglandBentley
37%
Its white name on a red backgroundItalyFiat
36%
Red cross and snake eating manItalyAlfa Romeo
35%
A centre of white and blue checkedGermanyBMW
35%
Golden bowtieUSAChevrolet
33%
"Three diamonds"JapanMitsubishi
33%
Combination of tree ellipsesJapanToyota
31%
The name written through a silver circleJapanNissan
26%
The name in a green ovalEnglandLand Rover
25%
PleiadesJapanSubaru
13%
The name in an oval shape surrounded by sixty red dotsFranceBugatti
11%
The first letter in a silver ovalJapanLexus
9%

Score Distribution

Percentile by Number Answered

Percent of People with Each Score

Your Score History

You have not taken this quiz